000 00603nam a2200205 a 4500
005 20240808063708.0
008 170503s2014 mx r 000 0 spa d
020 _a9786070255915
035 _aUPN01000217474
049 _aCG
050 4 _aPQ8550.22 A5.2
_bA5.2
100 1 _aLanda, Josu,
_d1953-
_940969
245 1 0 _aAnafábulas /
_cJosu Landa.
260 _aMéxico :
_bUNAM, Coordinación de Difusión Cultural, Dirección de Literatura,
_c2014.
300 _a85 p.
440 0 _aTextos de difusión cultural
650 4 _aENSAYOS VENEZOLANOS
_926211
905 _aLibro
999 _c189574
_d189574